000 00286nam a2200109Ia 4500
008 200302s9999 xx 000 0 und d
100 _aMichel heinrich
245 _aBasics Architectural Photography
260 _bBirkhauser Publlisher for Architecture
260 _c2009
300 _a79 P
999 _c4245
_d4245